[Event "III Torneo Internazionale"]
[Site "Montecatini Terme ITA"]
[Date "1999.01.??"]
[Round "5"]
[White "Aldrovandi, Costantino"]
[Black "Zaja, Ivan"]
[Result "0-1"]
[WhiteElo "2309"]
[BlackElo "2443"]
[PlyCount "56"]
[EventDate "1999.01.??"]

1. e4 e6 2. d4 d5 3. e5 c5 4. c3 Nc6 5. Nf3 Bd7 6. Be2 Rc8 7. O-O Nh6 8. a3 Nf5
9. g4 Nh4 10. Nxh4 Qxh4 11. Be3 cxd4 12. cxd4 Qd8 13. b4 h5 14. f3 hxg4 15.
fxg4 Qh4 16. Rf2 Be7 17. Qd2 f6 18. b5 Nd8 19. Qd3 Nf7 20. Nd2 fxe5 21. Qg6 O-O
22. Nf3 Qh3 23. Bf1 Nh8 24. Qxg7+ Kxg7 25. Bxh3 Rc3 26. Re1 Ng6 27. Nxe5 Rxf2
28. Kxf2 Nxe5 0-1

[Event "III Torneo Internazionale"]
[Site "Montecatini Terme ITA"]
[Date "1999.01.??"]
[Round "5"]
[White "Medancic, Rikard"]
[Black "Benvenuti, Carlo"]
[Result "1-0"]
[WhiteElo "2349"]
[BlackElo "2165"]
[PlyCount "61"]
[EventDate "1999.01.??"]

1. e4 d6 2. d4 Nf6 3. f3 e5 4. d5 Nxe4 5. fxe4 Qh4+ 6. Kd2 Qxe4 7. Qf3 Qg6 8.
Bb5+ Bd7 9. Bxd7+ Nxd7 10. Nc3 Be7 11. Nge2 f5 12. Ng3 O-O 13. Rf1 e4 14. Qh5
e3+ 15. Ke2 f4 16. Qxg6 hxg6 17. Nge4 g5 18. Nb5 Bf6 19. c4 a6 20. Nxf6+ Rxf6
21. Nd4 Rh6 22. h3 Nc5 23. b3 Ne4 24. Kf3 Nc5 25. Ba3 Nd3 26. Ke2 Ne5 27. Ne6
b5 28. Bb2 Nf7 29. Bxg7 Rxe6 30. dxe6 Kxg7 31. exf7 1-0

[Event "III Torneo Internazionale"]
[Site "Montecatini Terme ITA"]
[Date "1999.01.??"]
[Round "5"]
[White "Naumkin, Igor"]
[Black "Sciortino, Massimo"]
[Result "1-0"]
[WhiteElo "2493"]
[BlackElo "2194"]
[PlyCount "63"]
[EventDate "1999.01.??"]

1. d4 c5 2. d5 e6 3. c4 exd5 4. cxd5 d6 5. Nc3 g6 6. Nf3 Bg7 7. e4 Ne7 8. Be2
O-O 9. O-O a6 10. a4 b6 11. Bf4 Bg4 12. Qd2 Re8 13. Rfe1 Nc8 14. h3 Bxf3 15.
Bxf3 Nd7 16. Be2 Qc7 17. Bf1 Ne7 18. Rac1 f5 19. exf5 Nxf5 20. Rxe8+ Rxe8 21.
Bxa6 Nd4 22. Nb5 Nxb5 23. Bxb5 Re4 24. Re1 Rxe1+ 25. Qxe1 Ne5 26. Bd2 c4 27. f4
Nd3 28. Qe8+ Bf8 29. Qe6+ Qf7 30. Bxc4 Nxb2 31. Bb5 h5 32. Be3 1-0

[Event "III Torneo Internazionale"]
[Site "Montecatini Terme ITA"]
[Date "1999.01.??"]
[Round "5"]
[White "Tomescu, Vlad"]
[Black "Lovric, Branko"]
[Result "1-0"]
[WhiteElo "2436"]
[BlackElo "2316"]
[PlyCount "57"]
[EventDate "1999.01.??"]

1. e4 b6 2. d4 Bb7 3. Bd3 Nf6 4. Nc3 e6 5. Nf3 Bb4 6. Bg5 h6 7. Bxf6 Bxc3+ 8.
bxc3 Qxf6 9. O-O Nc6 10. e5 Qe7 11. Qe2 Qa3 12. c4 Qc3 13. Qe3 Na5 14. Nd2 Nc6
15. Nb3 Ba6 16. Qe1 Qxe1 17. Rfxe1 O-O 18. a4 d5 19. exd6 cxd6 20. a5 Nb4 21.
axb6 axb6 22. Be4 d5 23. Ra4 Bxc4 24. Rxb4 Bxb3 25. Bd3 Ba4 26. Rxb6 Rfc8 27.
Ra1 Bb3 28. Rxa8 Rxa8 29. Rxb3 1-0

[Event "III Torneo Internazionale"]
[Site "Montecatini Terme ITA"]
[Date "1999.01.??"]
[Round "5"]
[White "Vezzosi, Paolo"]
[Black "Turci, Stefano"]
[Result "1/2-1/2"]
[WhiteElo "2339"]
[BlackElo "2165"]
[PlyCount "56"]
[EventDate "1999.01.??"]

1. Nf3 d5 2. d4 Nf6 3. c4 c6 4. Nbd2 Bf5 5. Nh4 Be6 6. e3 g6 7. Bd3 Bg7 8. O-O
O-O 9. f4 Ng4 10. Qe2 f5 11. cxd5 cxd5 12. Ndf3 Nc6 13. Bd2 Bf7 14. Ng5 e6 15.
Nhf3 Qe7 16. Rfc1 Rfc8 17. Nxf7 Kxf7 18. Bb5 Kg8 19. Bxc6 Rxc6 20. Rxc6 bxc6
21. Qa6 Rb8 22. Qxc6 Rxb2 23. Qc8+ Bf8 24. a3 Nf6 25. Bb4 Qe8 26. Qc3 Re2 27.
Qd3 Rb2 28. Qc3 Re2 1/2-1/2

[Event "III Torneo Internazionale"]
[Site "Montecatini Terme ITA"]
[Date "1999.01.??"]
[Round "6"]
[White "Aldrovandi, Costantino"]
[Black "Vezzosi, Paolo"]
[Result "1/2-1/2"]
[WhiteElo "2309"]
[BlackElo "2339"]
[PlyCount "127"]
[EventDate "1999.01.??"]

1. e4 e6 2. d4 d5 3. e5 c5 4. c3 Nc6 5. Nf3 Qb6 6. a3 c4 7. Nbd2 Na5 8. Be2 Bd7
9. O-O Ne7 10. Re1 Nc8 11. Qc2 Be7 12. h4 Qd8 13. g3 Nb6 14. Qb1 Ba4 15. Ra2 h6
16. Nf1 Nb3 17. Be3 Qd7 18. N1d2 O-O-O 19. Nxb3 Bxb3 20. Ra1 Qa4 21. Rc1 Kb8
22. Nd2 Rc8 23. Kh2 Rc6 24. Kg2 a5 25. Kh3 Ka8 26. Kg2 Rcc8 27. Kh2 Bd8 28. Bh5
Rc7 29. Be2 Rd7 30. Kg2 Bc7 31. Bg4 Bb8 32. Be2 Rdd8 33. Kg1 Rdf8 34. Kg2 Qc6
35. f4 a4 36. Rf1 f5 37. h5 Nc8 38. Rh1 Ne7 39. Nf3 Rfg8 40. Nh4 g5 41. hxg6 h5
42. Qc1 Qe8 43. Qd2 Nxg6 44. Bf2 Bc7 45. Kf1 Nxh4 46. gxh4 Bd8 47. Rc1 Kb8 48.
Bf3 Kc8 49. Rg1 Rxg1+ 50. Kxg1 Kd7 51. Qe2 Ke7 52. Kh2 Kf8 53. Rg1 Qf7 54. Rg2
Rh6 55. Kg1 Be7 56. Kh1 Bd8 57. Be1 Be7 58. Kh2 Bd8 59. Qf2 Be7 60. Kh1 Bd8 61.
Kh2 Be7 62. Kh1 Ba2 63. Qc2 Qe8 64. Qd1 1/2-1/2

[Event "III Torneo Internazionale"]
[Site "Montecatini Terme ITA"]
[Date "1999.01.??"]
[Round "6"]
[White "Benvenuti, Carlo"]
[Black "Tomescu, Vlad"]
[Result "1-0"]
[WhiteElo "2165"]
[BlackElo "2436"]
[PlyCount "125"]
[EventDate "1999.01.??"]

1. Nf3 Nf6 2. d3 Nc6 3. Bg5 e5 4. c3 Be7 5. Nbd2 h6 6. Bh4 d6 7. e4 O-O 8. Be2
Nh7 9. Bxe7 Qxe7 10. Nc4 Ng5 11. Ne3 Ne6 12. g3 Re8 13. h4 Bd7 14. Qd2 Qf8 15.
Nh2 Ne7 16. Bg4 c6 17. Nc4 Nc8 18. O-O b5 19. Ne3 Nb6 20. Bf3 Rad8 21. Rad1 c5
22. Nhg4 Nc7 23. d4 Bc8 24. Qc2 Qe7 25. dxe5 dxe5 26. Rxd8 Rxd8 27. Rd1 Rd6 28.
Nf5 Bxf5 29. exf5 f6 30. Ne3 Rxd1+ 31. Qxd1 Qd7 32. Qxd7 Nxd7 33. Nd5 Ne8 34.
Ne7+ Kf7 35. Nc8 Nb6 36. Bh5+ Kf8 37. Bxe8 Kxe8 38. Nd6+ Kd7 39. Nxb5 a6 40.
Na3 Na4 41. Nc4 Kc6 42. Ne3 Nxb2 43. c4 e4 44. Kf1 Kd6 45. Ke2 Ke5 46. Nd5 a5
47. Nc7 Kxf5 48. Ne8 g6 49. Nd6+ Ke5 50. Nb7 Nxc4 51. Nxc5 g5 52. Nd7+ Ke6 53.
Nc5+ Kd5 54. Nd7 Ke6 55. Nc5+ Kf5 56. hxg5 fxg5 57. f3 exf3+ 58. Kxf3 h5 59.
g4+ hxg4+ 60. Kg3 Ne3 61. a4 Nf1+ 62. Kf2 Nd2 63. Nb7 1-0

[Event "III Torneo Internazionale"]
[Site "Montecatini Terme ITA"]
[Date "1999.01.??"]
[Round "6"]
[White "Sciortino, Massimo"]
[Black "Medancic, Rikard"]
[Result "1/2-1/2"]
[WhiteElo "2194"]
[BlackElo "2349"]
[PlyCount "45"]
[EventDate "1999.01.??"]

1. e4 d6 2. d4 e5 3. c3 Nf6 4. Bd3 Be7 5. Nf3 Nbd7 6. O-O O-O 7. h3 h6 8. Be3
c6 9. Nbd2 Re8 10. Re1 Bf8 11. Qc2 b6 12. a4 a6 13. b4 Bb7 14. a5 b5 15. Rad1
Qc7 16. c4 bxc4 17. Bxc4 Rac8 18. dxe5 dxe5 19. Qb3 Nb8 20. Bb6 Qe7 21. Bc5 Qc7
22. Bb6 Qe7 23. Bc5 1/2-1/2

[Event "III Torneo Internazionale"]
[Site "Montecatini Terme ITA"]
[Date "1999.01.??"]
[Round "6"]
[White "Turci, Stefano"]
[Black "Naumkin, Igor"]
[Result "1/2-1/2"]
[WhiteElo "2165"]
[BlackElo "2493"]
[PlyCount "33"]
[EventDate "1999.01.??"]

1. e4 e6 2. d4 d5 3. e5 c5 4. Qg4 cxd4 5. Nf3 Nc6 6. Bd3 Qc7 7. Bf4 Nge7 8. O-O
Ng6 9. Bxg6 fxg6 10. c3 dxc3 11. Nxc3 a6 12. Ng5 h6 13. Nxe6 Qf7 14. Nc7+ Qxc7
15. e6 Bxe6 16. Qxe6+ Qe7 17. Qxg6+ 1/2-1/2

[Event "III Torneo Internazionale"]
[Site "Montecatini Terme ITA"]
[Date "1999.01.??"]
[Round "6"]
[White "Zaja, Ivan"]
[Black "Lovric, Branko"]
[Result "0-1"]
[WhiteElo "2443"]
[BlackElo "2316"]
[PlyCount "70"]
[EventDate "1999.01.??"]

1. d4 b6 2. c4 e6 3. a3 Bb7 4. Nc3 f5 5. d5 Nf6 6. g3 b5 7. Qb3 Na6 8. Be3 Ng4
9. Nxb5 Nc5 10. Bxc5 Bxc5 11. Nh3 Rb8 12. Qc3 c6 13. b4 Be7 14. Nd4 cxd5 15.
Bg2 dxc4 16. Bxb7 Rxb7 17. Qxc4 Ne5 18. Qb3 Qb6 19. e3 a5 20. b5 Nc6 21. bxc6
Qxb3 22. cxd7+ Kxd7 23. Nxb3 Rxb3 24. a4 Bb4+ 25. Kf1 Rc8 26. Kg2 e5 27. Rhd1+
Ke6 28. Ng5+ Kf6 29. Nf3 Rc2 30. Ne1 Bxe1 31. Rxe1 Rbb2 32. Rf1 Ke6 33. Rad1
Ra2 34. Ra1 Rxf2+ 35. Rxf2 Rxa1 0-1

[Event "III Torneo Internazionale"]
[Site "Montecatini Terme ITA"]
[Date "1999.01.??"]
[Round "7"]
[White "Lovric, Branko"]
[Black "Benvenuti, Carlo"]
[Result "1-0"]
[WhiteElo "2316"]
[BlackElo "2165"]
[PlyCount "113"]
[EventDate "1999.01.??"]

1. b3 f5 2. Bb2 Nf6 3. e3 e6 4. f4 Be7 5. Nf3 O-O 6. c4 Ne4 7. d3 Bf6 8. Nd4
Bxd4 9. Bxd4 Qh4+ 10. g3 Nxg3 11. hxg3 Qxh1 12. Nd2 c5 13. Bxc5 Rf6 14. Kf2 Nc6
15. Bd6 b6 16. Bg2 Qxd1 17. Rxd1 Bb7 18. e4 Rf7 19. e5 Nd8 20. Nf3 h6 21. b4
Rc8 22. a4 Ba8 23. b5 Nb7 24. Bb4 Nc5 25. a5 Nb3 26. axb6 axb6 27. Rb1 Nc5 28.
Bxc5 bxc5 29. Ra1 Bxf3 30. Bxf3 d6 31. Ra6 dxe5 32. Rxe6 exf4 33. gxf4 Kf8 34.
Re5 g6 35. Bc6 Re7 36. Rxc5 Kg7 37. b6 Rb8 38. b7 Rbxb7 39. Bxb7 Rxb7 40. Ke3
Re7+ 41. Kd4 h5 42. Ra5 h4 43. c5 g5 44. fxg5 Kg6 45. c6 h3 46. Ra1 Kxg5 47.
Rc1 h2 48. Rh1 Rh7 49. Ke5 f4 50. d4 Kg4 51. d5 Kg3 52. d6 f3 53. c7 Kg2 54.
Rxh2+ Kxh2 55. c8=Q f2 56. Qf5 Rh3 57. Qxf2+ 1-0

[Event "III Torneo Internazionale"]
[Site "Montecatini Terme ITA"]
[Date "1999.01.??"]
[Round "7"]
[White "Medancic, Rikard"]
[Black "Turci, Stefano"]
[Result "0-1"]
[WhiteElo "2349"]
[BlackElo "2165"]
[PlyCount "112"]
[EventDate "1999.01.??"]

1. d4 d5 2. Nf3 Bf5 3. Bg5 h6 4. Bh4 c6 5. e3 Qb6 6. Qc1 Nd7 7. c4 e6 8. c5 Qc7
9. Bg3 Qc8 10. Nbd2 Ngf6 11. h3 Be7 12. Be2 O-O 13. O-O Ne4 14. Bh2 Bd8 15. b4
Bc7 16. a4 Re8 17. Nb3 Bxh2+ 18. Kxh2 Qc7+ 19. Kg1 e5 20. Re1 exd4 21. Nfxd4
Bh7 22. b5 cxb5 23. Bxb5 Rec8 24. c6 Ne5 25. cxb7 Qxb7 26. Na5 Qe7 27. Qa3 Qh4
28. Qa2 Nc3 29. Qb3 Rab8 30. Rec1 Ne4 31. Qa2 Nc3 32. Rxc3 Rxc3 33. Qxd5 Nd3
34. Bxd3 Rxd3 35. Qe5 Ra8 36. Nac6 Rd2 37. Rf1 Qg5 38. Qc7 Be4 39. Qh2 a6 40.
Ne5 Ra2 41. Nef3 Qd5 42. Rc1 Qc4 43. Re1 Qxa4 44. Qe5 Qe8 45. Qf4 Bxf3 46. gxf3
Rb8 47. Rc1 Rab2 48. Rc5 R8b6 49. Nf5 Rg6+ 50. Kf1 Qd7 51. Rd5 Qb7 52. Rd8+ Kh7
53. Ng3 Rb1+ 54. Kg2 Qb5 55. h4 Qf1+ 56. Kh2 Qxf2+ 0-1

[Event "III Torneo Internazionale"]
[Site "Montecatini Terme ITA"]
[Date "1999.01.??"]
[Round "7"]
[White "Naumkin, Igor"]
[Black "Aldrovandi, Costantino"]
[Result "1-0"]
[WhiteElo "2493"]
[BlackElo "2309"]
[PlyCount "81"]
[EventDate "1999.01.??"]

1. d4 Nf6 2. c4 g6 3. Nc3 Bg7 4. e4 d6 5. Nf3 O-O 6. Be2 e5 7. d5 a5 8. Bg5 h6
9. Bh4 Na6 10. Nd2 Bd7 11. O-O Qe8 12. b3 Nh7 13. a3 f5 14. exf5 gxf5 15. Bh5
Qb8 16. Be7 Re8 17. Bxe8 Qxe8 18. Bh4 e4 19. Rc1 Nc5 20. Rc2 Nd3 21. f3 e3 22.
Ndb1 Nc5 23. b4 Na4 24. Ne2 axb4 25. axb4 Nb2 26. Rxb2 Bxb2 27. Be1 Qe5 28. Bg3
Qe7 29. Qd3 Re8 30. Nbc3 Nf6 31. Nd1 Bc1 32. Nxc1 e2 33. Re1 exd1=Q 34. Qxd1
Qf8 35. Nd3 b5 36. Qc1 Kh7 37. Nf4 Rxe1+ 38. Bxe1 Qe7 39. cxb5 Bxb5 40. Bh4 Kg8
41. Nh5 1-0

[Event "III Torneo Internazionale"]
[Site "Montecatini Terme ITA"]
[Date "1999.01.??"]
[Round "7"]
[White "Tomescu, Vlad"]
[Black "Sciortino, Massimo"]
[Result "1-0"]
[WhiteElo "2436"]
[BlackElo "2194"]
[PlyCount "49"]
[EventDate "1999.01.??"]

1. d4 f5 2. c4 Nf6 3. Nc3 e6 4. g3 d5 5. Bg2 c6 6. Nf3 Bd6 7. cxd5 exd5 8. Bf4
Bxf4 9. gxf4 O-O 10. e3 Ne4 11. Qc2 Nd7 12. O-O-O Ndf6 13. Kb1 b6 14. Ne5 Bb7
15. Nxe4 dxe4 16. f3 Qd5 17. fxe4 fxe4 18. Bf1 b5 19. Bh3 Kh8 20. Rc1 Bc8 21.
Qg2 Bb7 22. Rhg1 Ne8 23. Bd7 g6 24. f5 Rf6 25. fxg6 1-0

[Event "III Torneo Internazionale"]
[Site "Montecatini Terme ITA"]
[Date "1999.01.??"]
[Round "7"]
[White "Vezzosi, Paolo"]
[Black "Zaja, Ivan"]
[Result "0-1"]
[WhiteElo "2339"]
[BlackElo "2443"]
[PlyCount "66"]
[EventDate "1999.01.??"]

1. d4 e6 2. c4 b6 3. Nc3 Bb7 4. e4 Bb4 5. f3 Qe7 6. Nge2 f5 7. exf5 Qh4+ 8. g3
Qh5 9. Bg2 Qxf5 10. Bf4 Nc6 11. O-O e5 12. g4 Qf7 13. dxe5 Bxc3 14. bxc3 Nge7
15. Bg3 h5 16. e6 dxe6 17. Bxc7 Ng6 18. Bg3 h4 19. Bf2 Nce5 20. Be3 O-O 21. Nd4
Nxc4 22. Qe2 Nxe3 23. Qxe3 Nf4 24. Rf2 Qf6 25. Bf1 e5 26. Nc2 Rac8 27. c4 Rce8
28. Re1 e4 29. fxe4 Rxe4 30. Qd2 Qc6 31. Nb4 Nh3+ 32. Kg2 Rxf2+ 33. Qxf2 Nxf2
0-1

[Event "III Torneo Internazionale"]
[Site "Montecatini Terme ITA"]
[Date "1999.01.??"]
[Round "8"]
[White "Aldrovandi, Costantino"]
[Black "Medancic, Rikard"]
[Result "1/2-1/2"]
[WhiteElo "2309"]
[BlackElo "2349"]
[PlyCount "137"]
[EventDate "1999.01.??"]

1. e4 e5 2. Nf3 Nc6 3. Bb5 a6 4. Bxc6 dxc6 5. O-O f6 6. d4 exd4 7. Nxd4 c5 8.
Nb3 Qxd1 9. Rxd1 Bg4 10. f3 Bd7 11. Be3 b6 12. Nc3 O-O-O 13. a4 a5 14. Nb5 Ne7
15. Nd2 Ng6 16. Bf2 Nf4 17. Be3 Ne6 18. c3 g6 19. Nc4 Be7 20. Rd2 Kb7 21. Rad1
Bc8 22. Kf1 Rxd2 23. Rxd2 Rd8 24. Rxd8 Nxd8 25. Bf4 Ne6 26. Bg3 Bd7 27. Ne3 Bd8
28. Nc4 Ng7 29. Nd2 Be6 30. c4 Bd7 31. b3 Ne6 32. Bf2 f5 33. exf5 gxf5 34. g3
Bf6 35. Ke2 Bc6 36. Be3 Be5 37. Bf2 Bb2 38. Be3 Be5 39. Bf2 Be8 40. Na3 f4 41.
Nc2 Bg6 42. Ne1 Kc6 43. Nd3 Bd6 44. Ne4 fxg3 45. hxg3 Bf8 46. Ne5+ Kb7 47. Nxg6
hxg6 48. Be3 Bg7 49. Ng5 Nd8 50. Nh3 Be5 51. Nf4 Bxf4 52. Bxf4 Ne6 53. Be5 Nd4+
54. Ke3 Nxb3 55. f4 Kc8 56. g4 Kd7 57. f5 gxf5 58. gxf5 b5 59. cxb5 c4 60. Bc3
Nc5 61. Kd4 Nxa4 62. Bxa5 c3 63. Bxc3 c6 64. bxc6+ Kxc6 65. Bb4 Kd7 66. Ke5 Nb6
67. Bc5 Na8 68. Bb4 Nc7 69. Ba5 1/2-1/2

[Event "III Torneo Internazionale"]
[Site "Montecatini Terme ITA"]
[Date "1999.01.??"]
[Round "8"]
[White "Sciortino, Massimo"]
[Black "Lovric, Branko"]
[Result "1/2-1/2"]
[WhiteElo "2194"]
[BlackElo "2316"]
[PlyCount "141"]
[EventDate "1999.01.??"]

1. e4 b6 2. d4 Bb7 3. Bd3 Nf6 4. Nc3 e6 5. Nf3 Bb4 6. Bg5 h6 7. Bxf6 Bxc3+ 8.
bxc3 Qxf6 9. O-O Nc6 10. e5 Qe7 11. a4 d6 12. exd6 Qxd6 13. Qe2 O-O 14. Qe4 g6
15. Rfe1 Kg7 16. h4 Na5 17. Qe3 Qd5 18. Qf4 Rae8 19. Qg3 Qh5 20. Re5 f5 21. Be2
Qg4 22. Qh2 Be4 23. Re1 Nc6 24. Bd1 Nxe5 25. Nxe5 Qxg2+ 26. Qxg2 Bxg2 27. Kxg2
g5 28. hxg5 hxg5 29. Bf3 g4 30. Bc6 Rd8 31. Nd3 Rd6 32. Bb5 Kf6 33. Bc4 Re8 34.
Rh1 c5 35. dxc5 bxc5 36. Bb5 Re7 37. a5 c4 38. Nb4 Rc7 39. Na6 Rg7 40. Rh8 Rd2
41. Rh6+ Ke5 42. Kf1 Rb7 43. Rxe6+ Kxe6 44. Nc5+ Kd5 45. Nxb7 Rxc2 46. Bd7 Rxc3
47. Bxf5 g3 48. Kg2 Rb3 49. f3 Ke5 50. Be4 Kf4 51. Nc5 Rb2+ 52. Kg1 Ra2 53. Bd5
Rxa5 54. Ne6+ Ke5 55. Bxc4 Ra4 56. Bb3 Rb4 57. f4+ Kd6 58. Ba2 a5 59. f5 Ke5
60. Ng7 a4 61. Be6 a3 62. Nh5 Rb6 63. Bc4 Rc6 64. Bf7 Rc7 65. Be6 Rc6 66. Bf7
Kxf5 67. Nxg3+ Kf4 68. Ne2+ Ke3 69. Ng3 Rc7 70. Bd5 Rc2 71. Nf1+ 1/2-1/2

[Event "III Torneo Internazionale"]
[Site "Montecatini Terme ITA"]
[Date "1999.01.??"]
[Round "8"]
[White "Turci, Stefano"]
[Black "Tomescu, Vlad"]
[Result "0-1"]
[WhiteElo "2165"]
[BlackElo "2436"]
[PlyCount "56"]
[EventDate "1999.01.??"]

1. e4 c5 2. b4 cxb4 3. d4 Nf6 4. Bd3 e6 5. Ne2 Nc6 6. O-O Be7 7. a3 O-O 8. Nd2
b6 9. Nf3 d5 10. e5 Ne4 11. Nf4 a5 12. Qe2 Bb7 13. Bxe4 dxe4 14. Qxe4 Qd7 15.
Nh5 f5 16. exf6 Bxf6 17. Nxf6+ Rxf6 18. Bb2 Raf8 19. Ng5 Rg6 20. h4 Ne7 21. Qe5
h6 22. Ne4 Rf5 23. Qb8+ Kh7 24. f3 Rxf3 25. Rxf3 Bxe4 26. h5 Rg4 27. Rf8 Rxg2+
28. Kf1 Qb5+ 0-1

[Event "III Torneo Internazionale"]
[Site "Montecatini Terme ITA"]
[Date "1999.01.??"]
[Round "8"]
[White "Zaja, Ivan"]
[Black "Benvenuti, Carlo"]
[Result "1-0"]
[WhiteElo "2443"]
[BlackElo "2165"]
[PlyCount "107"]
[EventDate "1999.01.??"]

1. d4 d6 2. c4 e5 3. Nc3 Nf6 4. e4 Nc6 5. Nge2 Be7 6. d5 Nb8 7. Ng3 g6 8. Be2
Nfd7 9. b4 Bg5 10. c5 dxc5 11. Nb5 Be7 12. bxc5 Bxc5 13. d6 Bb4+ 14. Kf1 Bxd6
15. Nxd6+ cxd6 16. Qxd6 Qe7 17. Ba3 Qxd6 18. Bxd6 Nc6 19. Bb5 a6 20. Bxc6 bxc6
21. Rc1 Bb7 22. Ke2 f6 23. Rhd1 Nf8 24. Rb1 Bc8 25. Ke3 Ne6 26. Ne2 h5 27. Rb6
Bd7 28. Rb7 Nd8 29. Rb6 Ne6 30. Nc3 Rh7 31. Na4 Rf7 32. Rdb1 Rh7 33. g3 Rg7 34.
f4 exf4+ 35. gxf4 Nd8 36. Nc5 Be6 37. a4 a5 38. Rb8 Rxb8 39. Rxb8 Bh3 40. Ra8
Bg4 41. Rxa5 Bh3 42. Ra8 Bf1 43. a5 g5 44. f5 h4 45. a6 Bxa6 46. Rxa6 g4 47.
Ra8 g3 48. hxg3 hxg3 49. Ne6 Rd7 50. Bxg3 Ke7 51. Rxd8 Rxd8 52. Nxd8 Kxd8 53.
Bh4 Ke7 54. e5 1-0

[Event "III Torneo Internazionale"]
[Site "Montecatini Terme ITA"]
[Date "1999.01.??"]
[Round "9"]
[White "Benvenuti, Carlo"]
[Black "Sciortino, Massimo"]
[Result "1-0"]
[WhiteElo "2165"]
[BlackElo "2194"]
[PlyCount "91"]
[EventDate "1999.01.??"]

1. Nf3 g6 2. d3 Bg7 3. c3 c5 4. e4 Nc6 5. Be2 d6 6. O-O e6 7. Na3 Nge7 8. Bf4
e5 9. Bd2 b6 10. Qc1 Ba6 11. Bh6 O-O 12. Bxg7 Kxg7 13. Re1 h6 14. Nc2 d5 15.
Bf1 d4 16. c4 Qc7 17. a3 b5 18. b4 bxc4 19. dxc4 Bc8 20. Nd2 Be6 21. Nb3 cxb4
22. axb4 Rfb8 23. Qa3 Nd8 24. Nc5 Bc8 25. f4 f6 26. fxe5 fxe5 27. Bd3 Ne6 28.
Nxe6+ Bxe6 29. c5 Rc8 30. Qa6 Qc6 31. b5 Qd7 32. c6 Qd6 33. Qa3 Qxa3 34. Rxa3
Rc7 35. Rea1 Nc8 36. Nb4 Nb6 37. Ra6 Rf8 38. Rxa7 Rff7 39. Rxc7 Rxc7 40. Ra6
Nd7 41. cxd7 Bxd7 42. Nc6 Bc8 43. Ra7 Rxa7 44. Nxa7 Bb7 45. Nc6 Bc8 46. Na5 1-0

[Event "III Torneo Internazionale"]
[Site "Montecatini Terme ITA"]
[Date "1999.01.??"]
[Round "9"]
[White "Lovric, Branko"]
[Black "Turci, Stefano"]
[Result "1-0"]
[WhiteElo "2316"]
[BlackElo "2165"]
[PlyCount "67"]
[EventDate "1999.01.??"]

1. b3 Nf6 2. Bb2 g6 3. Bxf6 exf6 4. c4 d5 5. cxd5 Qxd5 6. Nc3 Qd8 7. g3 f5 8.
h4 h6 9. Bg2 Bg7 10. Rc1 c6 11. Nh3 O-O 12. Nf4 Nd7 13. d4 Nf6 14. e3 Be6 15.
O-O Rc8 16. Na4 Rc7 17. Nxe6 fxe6 18. Nc5 Qe7 19. b4 Nd7 20. Nd3 Nf6 21. Nf4
Kh7 22. Qb3 Nd5 23. Nxe6 Qxe6 24. Bxd5 Qd6 25. Bf3 f4 26. exf4 Bxd4 27. Rcd1
Qf6 28. Rfe1 Qg7 29. h5 Bb6 30. Re6 Rf6 31. hxg6+ Kh8 32. Rd8+ Rf8 33. Ree8
Rcf7 34. Qxf7 1-0

[Event "III Torneo Internazionale"]
[Site "Montecatini Terme ITA"]
[Date "1999.01.??"]
[Round "9"]
[White "Tomescu, Vlad"]
[Black "Aldrovandi, Costantino"]
[Result "0-1"]
[WhiteElo "2436"]
[BlackElo "2309"]
[PlyCount "118"]
[EventDate "1999.01.??"]

1. e4 c5 2. Nf3 d6 3. d4 cxd4 4. Qxd4 a6 5. c4 Nf6 6. Nc3 Nc6 7. Qd2 g6 8. b3
Bg7 9. Bb2 O-O 10. Be2 Bg4 11. O-O Qa5 12. Rfd1 Rfd8 13. a3 Rac8 14. b4 Qb6 15.
Rac1 Qa7 16. h3 Bxf3 17. gxf3 e5 18. Qe3 Nd4 19. Bf1 Ra8 20. Nd5 Nxd5 21. cxd5
Rac8 22. Rxc8 Rxc8 23. f4 Rc2 24. Ba1 Qb8 25. fxe5 dxe5 26. Qg3 Rc8 27. Bxd4
exd4 28. d6 Re8 29. Bc4 Be5 30. Qb3 Rf8 31. d7 Qd6 32. b5 a5 33. b6 Qxd7 34.
Bd5 Rc8 35. Rd3 a4 36. Qd1 Kg7 37. Qg4 Qxg4+ 38. hxg4 Rc1+ 39. Kg2 Rb1 40. Bxb7
Rxb6 41. Bc8 Rb3 42. Ba6 Kh6 43. Rf3 f6 44. Bc4 Rc3 45. Bb5 Kg5 46. Bxa4 Kxg4
47. Bd7+ Kg5 48. Bb5 h5 49. a4 Bc7 50. Rd3 Rxd3 51. Bxd3 Kf4 52. e5 fxe5 53.
Bxg6 h4 54. Kh3 Kf3 55. Kxh4 Kxf2 56. Kg4 Ke3 57. Kg3 d3 58. Kg2 e4 59. Kf1 Ba5
0-1

[Event "V Weekend A"]
[Site "Siracusa ITA"]
[Date "1999.01.??"]
[Round "?"]
[White "Alaimo, Riccardo"]
[Black "Tripodo, Roberto"]
[Result "1-0"]
[WhiteElo "2085"]
[BlackElo "1720"]
[PlyCount "67"]
[EventDate "1999.01.16"]

1. e4 c5 2. Nc3 Nc6 3. f4 e6 4. Nf3 d6 5. Bc4 a6 6. a4 Be7 7. d3 Nf6 8. O-O O-O
9. Qe1 Bd7 10. e5 Ne8 11. Qg3 d5 12. Bb3 f5 13. exf6 Rxf6 14. Bd2 Rg6 15. Qf2
Nf6 16. Rae1 Ng4 17. Qe2 Nd4 18. Nxd4 cxd4 19. Nxd5 Bh4 20. g3 Nxh2 21. f5
Rxg3+ 22. Kxh2 exd5 23. Bxd5+ Kh8 24. Qe4 Bg5 25. Kxg3 Bxd2 26. Re2 Be3 27. f6
Qc7+ 28. Kg2 Rg8 29. f7 Rf8 30. Rh1 h6 31. Rxe3 dxe3 32. Rxh6+ gxh6 33. Qd4+
Kh7 34. Be4+ 1-0

[Event "V Weekend A"]
[Site "Siracusa ITA"]
[Date "1999.01.??"]
[Round "?"]
[White "Fabiano, Giuseppe"]
[Black "Genovese, Maurizio"]
[Result "1-0"]
[WhiteElo "2282"]
[BlackElo "2274"]
[PlyCount "83"]
[EventDate "1999.01.16"]

1. d4 d5 2. Nf3 e6 3. c4 Be7 4. Nc3 c6 5. e4 dxe4 6. Nxe4 Nf6 7. Bd3 Nbd7 8.
O-O Nxe4 9. Bxe4 Nf6 10. Bc2 O-O 11. Qd3 Qa5 12. Bg5 g6 13. Rfe1 Bd7 14. Ne5
Rad8 15. Qf3 Kg7 16. Qf4 Ng8 17. Bxe7 Nxe7 18. a3 Bc8 19. b4 Qc7 20. Rad1 Qd6
21. Qh4 Nf5 22. Bxf5 exf5 23. d5 Rfe8 24. f4 cxd5 25. Rxd5 Qb6+ 26. c5 Qf6 27.
Qxf6+ Kxf6 28. Red1 Rxd5 29. Rxd5 Be6 30. Rd6 g5 31. Kf2 gxf4 32. Nd3 Kg5 33.
Kf3 Bb3 34. Nxf4 Bc2 35. g3 Be4+ 36. Kf2 f6 37. h4+ Kh6 38. Rxf6+ Kg7 39. Rd6
Ra8 40. Rd7+ Kh6 41. Ke3 a5 42. g4 1-0

[Event "V Weekend A"]
[Site "Siracusa ITA"]
[Date "1999.01.??"]
[Round "?"]
[White "Fabiano, Giuseppe"]
[Black "Messina, Igor"]
[Result "1-0"]
[WhiteElo "2282"]
[BlackElo "1852"]
[PlyCount "61"]
[EventDate "1999.01.16"]

1. e4 e6 2. d3 c5 3. Nf3 Nc6 4. g3 g6 5. Bg2 Bg7 6. O-O Nge7 7. Re1 d5 8. Nbd2
b6 9. c3 a5 10. e5 Qc7 11. Qe2 Ba6 12. Nf1 O-O 13. h4 h5 14. Bf4 Rad8 15. N1h2
d4 16. c4 b5 17. b3 a4 18. Ng5 axb3 19. axb3 Nb4 20. Ne4 Nf5 21. Nf6+ Kh8 22.
Nxh5 bxc4 23. bxc4 Bxc4 24. Nxg7 Bxd3 25. Qd2 Nxg7 26. Bg5 Rb8 27. Bf6 Kh7 28.
Ng4 Nf5 29. Re4 Bxe4 30. Bxe4 Ne3 31. fxe3 1-0

[Event "V Weekend A"]
[Site "Siracusa ITA"]
[Date "1999.01.??"]
[Round "?"]
[White "Genovese, Maurizio"]
[Black "Ljubisavljevic, Zivojin Z."]
[Result "1-0"]
[WhiteElo "2274"]
[BlackElo "2303"]
[PlyCount "79"]
[EventDate "1999.01.16"]

1. d4 Nf6 2. c4 c5 3. d5 b5 4. Qc2 bxc4 5. e4 d6 6. Bxc4 g6 7. Nf3 Bg7 8. O-O
O-O 9. Nc3 Ba6 10. Nd2 Bxc4 11. Nxc4 Nbd7 12. Bg5 h6 13. Bh4 Nb6 14. Ne3 Qd7
15. h3 a5 16. Rad1 a4 17. f4 Nh7 18. Rf3 Rfb8 19. Kh1 Nc8 20. Bg3 Rb4 21. e5
Nf8 22. f5 dxe5 23. fxg6 fxg6 24. Rxf8+ Kxf8 25. Qxg6 Rb6 26. Qh7 Qe8 27. Ne4
Qg6 28. Rf1+ Ke8 29. Qg8+ Kd7 30. Nxc5+ Kc7 31. Rc1 Kb8 32. Ne6 Ka7 33. Rc7+
Rb7 34. Rxb7+ Kxb7 35. Qd8 Qxg3 36. Qc7+ Ka6 37. Nc5+ Kb5 38. Qc6+ Ka5 39. Nb7+
Kb4 40. Qc4# 1-0